000 00888nam a22002297a 4500
999 _c8604
_d8604
003 AR-CdUCM
008 190325b ||||| |||| 00| 0 spa d
040 _aMUNICIPALIDAD PROVINCIAL DEL CUSCO
_cBIBLIOTECA MUNICIPAL DEL CUSCO
082 _a079.8521 /
_bG12
100 _aGargurevich Regal, Juan
_924078
245 _aMito y verdad de los diarios de Lima /
260 _aLima :
_bGráfica Labor,
_c1972.
300 _a310 páginas ;
_c17 cm.
505 _aContenido: La historia de los diarios -- La dependencia -- Los periodistas -- El diarismo en Lima -- El estatuto -- La expropiación de Expreso y Extra ...
650 _aPeriodismo - Perú - Lima
_924079
650 _aPeriódicos - Perú
_924080
650 _aPrensa - Lima
_924081
650 _aLegislación - Prensa
_924082
650 _aPeriodistas - Biografías - Perú
_924083
942 _2ddc
_cLIBROS
945 _alccs